000 00278nam a22001337a 4500
008 170911b xxu||||| |||| 00| 0 eng d
020 _a2900470129059
041 _aeng
080 _a91
100 _a42
101 _aGJEO
245 _aGEOGRAPHY
_cBLIJ, H.J
942 _2udc
_cBK
999 _c26980
_d26980